=LDR 00000nam 2200000 4500 =001 INLIS000000000057692 =005 20210330080822 =035 ##$$a 0010-0321000123 =007 ta =008 210330###########################0#ind## =020 ##$$a 978-602-425-175-8 =082 ##$$a 499.221 =084 ##$$a 499.221 Ike b =245 ##$$a Bahasa Indonesia untuk Perguruan Tinggi /$c Drs. I Ketut Dibia, S.Pd, I Putu Mas Dewantara, S.Pd., M.Pd =250 ##$$a cet 4 =300 ##$$a 190 halaman ; $c 21 cm =650 #4$$a Bahasa Indonesia =264 ##$$a Depok :$b Rajawali Press,$c 2019 =336 ##$$a teks$2 rdacontent =337 ##$$a lain-lain$2 rdamedia =338 ##$$a lain-lain$2 rdacarrier =990 ##$$a 5202100212